Statistics for Movies By 1 Actor and 1 Actress - Tom Cruise Edition

Click here to take the quiz!

General Stats

  • This quiz has been taken 21 times
  • The average score is 14 of 26

Answer Stats

CastMovie% Correct
Val Kilmer, Meg RyanTop Gun
95%
Jon Voight, Emmanuele BeartMission: Impossible
90%
Renee Zellweger, Cuba Gooding Jr.Jerry Maguire
76%
Penelope Cruz, Kurt RussellVanilla Sky
71%
Jack Nicholson, Demi MooreA Few Good Men
67%
Jamie Foxx, Jada Pinkett SmithCollateral
67%
Paul Newman, Helen ShaverThe Color of Money
67%
Ben Stiller, Valerie AzlynnTropic Thunder
62%
Brian Brown, Elizabeth ShueCocktail
57%
Nicole Kidman, Robert DuvallDays of Thunder
52%
Cameron Diaz, Peter SaarsgardKnight and Day
52%
Julianne Moore, Philip Seymour HoffmanMagnolia
52%
Dakota Fanning, Tim RobbinsWar of the Worlds
52%
Rosamund Pike, Werner HerzogJack Reacher
48%
Samantha Morton, Colin FarrellMinority Report
48%
Morgan Freeman, Olga KurylenkoOblivion
48%
Gene Hackman, Holly HunterThe Firm
48%
Miles Teller, Jennifer ConnellyTop Gun: Maverick
48%
Brad Pitt, Kirsten DunstInterview with the Vampire
43%
Bill Nighy, Carice van HoutenValkyrie
38%
Sarah Wright, Jesse PlemonsAmerican Made
33%
Emily Blunt, Bill PaxtonEdge of Tomorrow
33%
Sofia Boutella, Russell CroweThe Mummy
33%
Meryl Streep, Robert RedfordLions For Lambs
29%
Mary J. Blige, Paul GiamattiRock of Ages
29%
Willem Dafoe, Caroline KavaBorn on the Fourth of July
24%

Score Distribution

Percentile by Number Answered

Percent of People with Each Score

Your Score History

You have not taken this quiz